<?xml version="1.0" encoding="UTF-8"?><?xml-stylesheet type="text/xsl" href="static/style.xsl"?><OAI-PMH xmlns="http://www.openarchives.org/OAI/2.0/" xmlns:xsi="http://www.w3.org/2001/XMLSchema-instance" xsi:schemaLocation="http://www.openarchives.org/OAI/2.0/ http://www.openarchives.org/OAI/2.0/OAI-PMH.xsd"><responseDate>2026-07-01T10:47:26Z</responseDate><request verb="GetRecord" identifier="oai:riubu.ubu.es:10259/7954" metadataPrefix="marc">https://riubu.ubu.es/oai/request</request><GetRecord><record><header><identifier>oai:riubu.ubu.es:10259/7954</identifier><datestamp>2023-11-23T12:21:05Z</datestamp><setSpec>com_10259_4292</setSpec><setSpec>com_10259_5086</setSpec><setSpec>com_10259_2604</setSpec><setSpec>com_10259_5827</setSpec><setSpec>col_10259_4825</setSpec><setSpec>col_10259_7955</setSpec></header><metadata><record xmlns="http://www.loc.gov/MARC21/slim" xmlns:doc="http://www.lyncode.com/xoai" xmlns:xsi="http://www.w3.org/2001/XMLSchema-instance" xmlns:dcterms="http://purl.org/dc/terms/" xsi:schemaLocation="http://www.loc.gov/MARC21/slim http://www.loc.gov/standards/marcxml/schema/MARC21slim.xsd">
<leader>00925njm 22002777a 4500</leader>
<datafield tag="042" ind1=" " ind2=" ">
<subfield code="a">dc</subfield>
</datafield>
<datafield tag="720" ind1=" " ind2=" ">
<subfield code="a">Gutiérrez González, Víctor</subfield>
<subfield code="e">author</subfield>
</datafield>
<datafield tag="720" ind1=" " ind2=" ">
<subfield code="a">Gerardi, Gisela</subfield>
<subfield code="e">author</subfield>
</datafield>
<datafield tag="720" ind1=" " ind2=" ">
<subfield code="a">Muñiz Rodríguez, Pilar</subfield>
<subfield code="e">author</subfield>
</datafield>
<datafield tag="720" ind1=" " ind2=" ">
<subfield code="a">Rivero Pérez, Maria Dolores</subfield>
<subfield code="e">author</subfield>
</datafield>
<datafield tag="720" ind1=" " ind2=" ">
<subfield code="a">Jaime Moreno, Isabel</subfield>
<subfield code="e">author</subfield>
</datafield>
<datafield tag="720" ind1=" " ind2=" ">
<subfield code="a">González San José, Mª Luisa</subfield>
<subfield code="e">author</subfield>
</datafield>
<datafield tag="720" ind1=" " ind2=" ">
<subfield code="a">Cavia Saiz, Mónica</subfield>
<subfield code="e">author</subfield>
</datafield>
<datafield tag="260" ind1=" " ind2=" ">
<subfield code="c">2022</subfield>
</datafield>
<datafield tag="520" ind1=" " ind2=" ">
<subfield code="a">In recent years, consumers interest for food with great nutritional value and potential health effects, known as functional food, has grown. The food industry has adapted to these demands increasing the nutritional value of its products and replacing artificial additives for natural extracts. This natural additives, like white pomaces, have a high polyphenol content and antioxidant activity which, aside from increasing food shelf life, are bioaccesible and have healthy properties. In previous studies, was observed that white wine pomace used as chicken breast seasoning during different storage conditions increased shelf life of meat. The aim of this study was to evaluate if the white-wine pomace used as meat seasoning and stored under different conditions maintains healthy properties. The chicken breast meat was seasoned with 3% of white-wine pomace and 2% of salt. The influence of different conditions of storage, vacuum and modified atmosphere during 7 and 15 days, on seasoning health properties were studied. Phenolic profile and antioxidant capacity of seasoning was evaluated by HPLC-MS and ABTS respectively. Cytotoxicity and effect on biomarkers of lipid and protein oxidation (MDA and carbonyl group) of the bioaccesible fraction of seasonings were evaluate on Caco-2 cells. The storage conditions changed the stored seasoning phenolic profiles, resulting in a decrease in the number of flavonoids compounds compared with control sample. Stored seasonings significantly increased their antioxidant capacity with respect to control. No cytotoxicity of the bioaccesible fractions at different concentrations obtained by gastrointestinal digestion of the seasonings were observed. The MDA and carbonyl groups values of Caco-2 cells treated with bioaccesibles fractions of the stored samples of seasoning did not change with respect to control. These results indicate that the stored condition applied to seasoning did not showed toxicity and did not increased the cell damage evaluated as lipid and protein oxidation.</subfield>
</datafield>
<datafield tag="024" ind2=" " ind1="8">
<subfield code="a">978-84-18465-23-9, 84-18465-23-9</subfield>
</datafield>
<datafield tag="024" ind2=" " ind1="8">
<subfield code="a">http://hdl.handle.net/10259/7954</subfield>
</datafield>
<datafield tag="024" ind2=" " ind1="8">
<subfield code="a">https://doi.org/10.36443/9788418465239</subfield>
</datafield>
<datafield ind1=" " ind2=" " tag="653">
<subfield code="a">White grape pomace</subfield>
</datafield>
<datafield ind1=" " ind2=" " tag="653">
<subfield code="a">Seasoning</subfield>
</datafield>
<datafield ind1=" " ind2=" " tag="653">
<subfield code="a">Modified atmosphere</subfield>
</datafield>
<datafield ind1=" " ind2=" " tag="653">
<subfield code="a">Vacuum</subfield>
</datafield>
<datafield ind1=" " ind2=" " tag="653">
<subfield code="a">Antioxidant activity</subfield>
</datafield>
<datafield ind1=" " ind2=" " tag="653">
<subfield code="a">Phenolic profile</subfield>
</datafield>
<datafield tag="245" ind1="0" ind2="0">
<subfield code="a">Effect of storage conditions on meat seasoning phenolic profile and antioxidant</subfield>
</datafield>
</record></metadata></record></GetRecord></OAI-PMH>